000 00914nam a2200265Ia 4500
003 OSt
005 20221005103646.0
006 a|||||r|||| 00| 0
007 ta
008 221004b |||||||| |||| 00| 0 hin d
020 _a9789387145177 (hbk)
_cINR 300.00
024 _a43391
037 _bNKP/884/18-19, 16/03/2019, Nayee Kitab Prakashan
_cTextual
040 _aCRL
_cCRL
_bhin
041 _2hin
_ahin
082 _aNW44, 152Q8
100 _aखरे, विष्णु, ले.
245 0 _aसिनेमा समय
246 _aSinemā samaya
260 _aदिल्ली
_bअनन्य प्रकाशन भारत
_c2018
300 _a160पृ0
_ccm.
650 _aललित कला
_9156314
942 _hNW44, 152Q8
_cTEXL
_2cc
999 _c1010534
_d1010534